00539cam a22002177a 4500003000500000005001700005008004100022010001000063011001000073035001000083040000900093082001400102100001900116245002700135260004800162300002000210490003100230650001100261650001800272830003100290CHAP20220329134724.0971013s1981 us a r 00010 eng d a24823 a25795 a29895 cCHAP04a589.3bB600aBrook, Alan J.14aThe biology of desmids aBerkeley :bUniversity of California,c1981 a276 p.b: ilus. 0aBotanical monographsv; 1614aAlgas.14aDesmidiaceae.0 aBotanical monographsv; 16